000 01008nam a2200313 a 4500
001 000044169
003 DO-SdBNP
005 20180316153338.0
007 000044169
008 140603s19uu dr a 000 0 spa d
040 _aBPMSU
_bspa
_cBPMSU
082 0 4 _aCu860.8
_bM378a
100 1 _aMartí, José
245 1 0 _aAntología de poesías, cuentos y otros escritos /
_cJosé Martí.
246 1 4 _aAntología de poesías, cuentos y otros escritos de José Martí
260 _aSanto Domingo :
_bSusaeta,
_c[190-?].
300 _a144 p. :
_bil. ;
_c22 cm.
490 1 _aBiblioteca Susaeta
500 _aIncluye referencias bilbiográficas y notas al pie de las páginas
650 _aCUENTOS CUBANOS
650 _aPOESÍA CUBANA
650 _aENSAYOS CUBANOS
650 _aLITERATURA CUBANA
830 0 _aBiblioteca Susaeta
942 _2ddc
_cBK
945 _aRemanejado para la BNPHU, 2018 / BT
956 _aVMATEO
_b10
_c20140603
_lBPMSU
_h0069
956 _aValidado. Control de calidad MFF
999 _c7224
_d7224